[Event "HUN-chT2 Maroczy 1314"]
[Site "Hungary"]
[Date "2013.10.20"]
[Round "3"]
[White "Restas, Peter"]
[Black "Istvanovszky, Martin"]
[Result "1-0"]
[WhiteElo "2167"]
[BlackElo "2331"]
[PlyCount "116"]
[EventDate "2013.09.08"]
[EventType "team-tourn"]
[EventRounds "11"]
[EventCountry "HUN"]
[SourceTitle "EXT 2016"]
[Source "ChessBase"]
[SourceDate "2015.10.08"]
[SourceVersion "1"]
[SourceVersionDate "2015.10.08"]
[SourceQuality "1"]
[WhiteTeam "Mako II"]
[BlackTeam "Penzugyor II"]
[WhiteTeamCountry "HUN"]
[BlackTeamCountry "HUN"]

1. c4 g6 2. Nc3 Bg7 3. g3 c5 4. Bg2 Nc6 5. e3 e5 6. Nge2 Nge7 7. d3 d6 8. 0-0 0-0 9. Rb1 Be6 10. Nd5 Rb8 11. Nec3 a6 12. b3 b5 13. Bb2 Qd7 14. Re1 h6 15. Qd2 f5 16. f4 g5 17. Nxe7+ Nxe7 18. Nd5 Bxd5 19. cxd5 Ng6 20. fxg5 hxg5 21. Qe2 g4 22. h3 f4 23. exf4 exf4 24. Qe6+ Qf7 25. Be4 Qxe6 26. dxe6 Ne5 27. e7 Rfe8 28. gxf4 Nf3+ 29. Bxf3 gxf3 30. Bxg7 Kxg7 31. Re6 Rh8 32. Kf2 Kf7 33. Rbe1 Rbe8 34. Rxd6 Rxh3 35. Rxa6 Rh2+ 36. Kxf3 Rh3+ 37. Kg4 Rxd3 38. Kf5 Rxe7 39. Rf6+ Ke8 40. Rxe7+ Kxe7 41. Rc6 Rd5+ 42. Ke4 Rh5 43. f5 Rh4+ 44. Ke5 c4 45. bxc4 bxc4 46. Rc7+ Ke8 47. Rc5 Ke7 48. a4 c3 49. Rc7+ Ke8 50. Rxc3 Rxa4 51. Kf6 Ra6+ 52. Kg7 Ra7+ 53. Kg8 Ra1 54. Re3+ Kd7 55. f6 Rf1 56. f7 Rg1+ 57. Kf8 Rd1 58. Re7+ Kc6 1-0

[Event "Maranello 1st"]
[Site "Maranello"]
[Date "2013.06.19"]
[Round "4"]
[White "Istvanovszky, Martin"]
[Black "Sriram, Jha"]
[Result "1/2-1/2"]
[WhiteElo "2350"]
[BlackElo "2417"]
[PlyCount "23"]
[EventDate "2013.06.17"]
[EventType "tourn"]
[EventRounds "9"]
[EventCountry "ITA"]
[SourceTitle "EXT 2015"]
[Source "ChessBase"]
[SourceDate "2014.11.20"]
[SourceVersion "1"]
[SourceVersionDate "2014.11.20"]
[SourceQuality "1"]

1. e4 c5 2. Nf3 e6 3. d4 cxd4 4. Nxd4 Nf6 5. Nc3 Nc6 6. Be2 Bb4 7. Qd3 d5 8. Nxc6 bxc6 9. e5 Ne4 10. 0-0 Nxc3 11. bxc3 Be7 12. Qg3 1/2-1/2

[Event "HUN-chT2 Charousek 1213"]
[Site "Hungary"]
[Date "2013.01.27"]
[Round "6"]
[White "Orso, Miklos"]
[Black "Istvanovszky, Martin"]
[Result "0-1"]
[WhiteElo "2351"]
[BlackElo "2323"]
[PlyCount "56"]
[EventDate "2012.09.16"]
[EventType "team-tourn"]
[EventRounds "11"]
[EventCountry "HUN"]
[SourceTitle "EXT 2014"]
[Source "ChessBase"]
[SourceDate "2013.11.20"]
[SourceVersion "1"]
[SourceVersionDate "2013.11.20"]
[SourceQuality "1"]
[WhiteTeam "Aquaprofit II"]
[BlackTeam "Penzugyor II"]
[WhiteTeamCountry "HUN"]
[BlackTeamCountry "HUN"]

1. e4 g6 2. Bc4 Bg7 3. Qf3 e6 4. c3 Ne7 5. d4 d5 6. Bb3 dxe4 7. Qxe4 Nd7 8. Nf3 c5 9. Be3 Nf6 10. Qc2 Nf5 11. 0-0 cxd4 12. Bxd4 Nxd4 13. Nxd4 0-0 14. Nd2 e5 15. N4f3 Bf5 16. Qd1 Qc7 17. Re1 Rad8 18. Qe2 e4 19. Nd4 Ng4 20. Nf1 Rxd4 21. cxd4 Bxd4 22. h3 Nxf2 23. Ne3 Nd3 24. Kh1 Qg3 25. Rad1 Nf2+ 26. Kg1 Nxh3+ 27. Kh1 Nf2+ 28. Kg1 Ng4 0-1

[Event "HUN-chT2 Charousek 1213"]
[Site "Hungary"]
[Date "2012.11.18"]
[Round "4"]
[White "Istvanovszky, Martin"]
[Black "Pergel, Laszlo"]
[Result "1-0"]
[WhiteElo "2323"]
[BlackElo "2252"]
[PlyCount "55"]
[EventDate "2012.09.16"]
[EventType "team-tourn"]
[EventRounds "11"]
[EventCountry "HUN"]
[SourceTitle "EXT 2014"]
[Source "ChessBase"]
[SourceDate "2013.11.20"]
[SourceVersion "1"]
[SourceVersionDate "2013.11.20"]
[SourceQuality "1"]
[WhiteTeam "Penzugyor II"]
[BlackTeam "Haladas II"]
[WhiteTeamCountry "HUN"]
[BlackTeamCountry "HUN"]

1. e4 c5 2. Nf3 Nc6 3. Bb5 d6 4. 0-0 Bd7 5. Re1 e6 6. c3 Nf6 7. d4 cxd4 8. cxd4 Be7 9. Nc3 a6 10. Bd3 e5 11. d5 Na7 12. a4 0-0 13. a5 Nb5 14. Qb3 Qe8 15. Bd2 Nh5 16. Nxb5 Bxb5 17. Bxb5 axb5 18. Qd3 Qd7 19. Ra3 Rfc8 20. g3 Rc4 21. Bc3 Bd8 22. Nd2 Ra4 23. Rb3 Bxa5 24. Qxb5 Qxb5 25. Rxb5 b6 26. b4 Ra3 27. Rc1 Rc8 28. bxa5 1-0

[Event "HUN-chT2 Charousek 1213"]
[Site "Hungary"]
[Date "2012.09.16"]
[Round "1"]
[White "Istvanovszky, Martin"]
[Black "Peredy, Ferenc"]
[Result "1-0"]
[WhiteElo "2323"]
[BlackElo "2178"]
[PlyCount "126"]
[EventDate "2012.09.16"]
[EventType "team-tourn"]
[EventRounds "11"]
[EventCountry "HUN"]
[SourceTitle "EXT 2014"]
[Source "ChessBase"]
[SourceDate "2013.11.20"]
[SourceVersion "1"]
[SourceVersionDate "2013.11.20"]
[SourceQuality "1"]
[WhiteTeam "Penzugyor II"]
[BlackTeam "Balatonfuered"]
[WhiteTeamCountry "HUN"]
[BlackTeamCountry "HUN"]

1. e4 c5 2. Nf3 e6 3. d4 cxd4 4. Nxd4 Bc5 5. Nb3 Bb6 6. Nc3 Ne7 7. Be2 0-0 8. 0-0 f5 9. Bg5 h6 10. Bxe7 Qxe7 11. exf5 Rxf5 12. Bd3 Rf8 13. Qe2 Nc6 14. Qe4 g5 15. Rae1 Qg7 16. Qe2 Nb4 17. Be4 d5 18. Bf3 Bd7 19. a3 Nc6 20. Na4 Bc7 21. Nac5 Ne5 22. Bg4 Nxg4 23. Qxg4 Rf4 24. Qd1 Re8 25. g3 Rff8 26. Nxd7 Qxd7 27. Qg4 Bb6 28. Nd4 Bxd4 29. Qxd4 b5 30. Re5 Rf5 31. Rfe1 Rxe5 32. Qxe5 Qg7 33. Qd6 Qf6 34. Qd7 Re7 35. Qxb5 Kf7 36. Re3 d4 37. Re4 Rc7 38. Qd3 e5 39. Kg2 Qc6 40. Qf3+ Kg6 41. Kg1 h5 42. h3 Qxc2 43. Rxe5 Rf7 44. Qe4+ Qxe4 45. Rxe4 Rd7 46. Kf1 Kf5 47. f3 d3 48. g4+ hxg4 49. hxg4+ Kf6 50. Ke1 d2+ 51. Kd1 Rd3 52. Re8 Rb3 53. Kxd2 Rxb2+ 54. Kc3 Ra2 55. Kb4 Rb2+ 56. Ka5 Rb3 57. a4 Rb6 58. Rf8+ Kg6 59. Rg8+ Kf6 60. Ra8 Ke5 61. Rxa7 Rf6 62. Rg7 Kf4 63. Kb5 Re6 1-0

[Event "Balatonalmadi Pannonia Cup 17th"]
[Site "Balatonalmadi"]
[Date "2012.07.29"]
[Round "7"]
[White "Istvanovszky, Martin"]
[Black "Szajbely, Zsigmond"]
[Result "1/2-1/2"]
[WhiteElo "2314"]
[BlackElo "2230"]
[PlyCount "23"]
[EventDate "2012.07.25"]
[EventType "swiss"]
[EventRounds "7"]
[EventCountry "HUN"]
[SourceTitle "EXT 2016"]
[Source "ChessBase"]
[SourceDate "2015.10.08"]
[SourceVersion "1"]
[SourceVersionDate "2015.10.08"]
[SourceQuality "1"]

1. e4 c5 2. Nf3 d6 3. d4 cxd4 4. Nxd4 Nf6 5. Nc3 a6 6. Bg5 Nbd7 7. f4 Qc7 8. Qf3 b5 9. 0-0-0 Bb7 10. Bd3 g6 11. Rhe1 Bg7 12. Qe2 1/2-1/2

[Event "Balatonalmadi Pannonia Cup 17th"]
[Site "Balatonalmadi"]
[Date "2012.07.27"]
[Round "4"]
[White "Farkas, Lajos"]
[Black "Istvanovszky, Martin"]
[Result "1/2-1/2"]
[WhiteElo "2209"]
[BlackElo "2314"]
[PlyCount "38"]
[EventDate "2012.07.25"]
[EventType "swiss"]
[EventRounds "7"]
[EventCountry "HUN"]
[SourceTitle "EXT 2016"]
[Source "ChessBase"]
[SourceDate "2015.10.08"]
[SourceVersion "1"]
[SourceVersionDate "2015.10.08"]
[SourceQuality "1"]

1. d4 g6 2. c4 Bg7 3. Nc3 d6 4. e4 e5 5. Be3 Nc6 6. d5 Nce7 7. g4 f5 8. gxf5 gxf5 9. Qh5+ Kf8 10. Bg5 h6 11. Bh4 Nf6 12. Bxf6 Bxf6 13. Bh3 c6 14. dxc6 bxc6 15. Rd1 Rb8 16. b3 Qa5 17. Nge2 d5 18. 0-0 d4 19. Na4 Be6 1/2-1/2